International management : (Record no. 17981)

MARC details
000 -LEADER
fixed length control field 01033pam a2200289 i 4500
001 - CONTROL NUMBER
control field 016319194
003 - CONTROL NUMBER IDENTIFIER
control field OSt
005 - DATE AND TIME OF LATEST TRANSACTION
control field 20201128021024.0
008 - FIXED-LENGTH DATA ELEMENTS--GENERAL INFORMATION
fixed length control field 130502t2014 maua frbd 001 0 eng d
020 ## - INTERNATIONAL STANDARD BOOK NUMBER
International Standard Book Number 9780273787051 (pbk.)
020 ## - INTERNATIONAL STANDARD BOOK NUMBER
International Standard Book Number 0273787055 (pbk.)
040 ## - CATALOGING SOURCE
Original cataloging agency StDuBDS
Language of cataloging eng
Transcribing agency StDuBDS
Modifying agency Uk
-- EG-ScBUE
-- EG-ScBUE
082 04 - DEWEY DECIMAL CLASSIFICATION NUMBER
Classification number 658.049
Item number DER
Edition number 22
100 1# - MAIN ENTRY--PERSONAL NAME
Personal name Deresky, Helen.
9 (RLIN) 2698
245 10 - TITLE STATEMENT
Title International management :
Remainder of title managing across borders and cultures : text and cases /
Statement of responsibility, etc Helen Deresky.
250 ## - EDITION STATEMENT
Edition statement 8th ed., Global ed.
260 ## - PUBLICATION, DISTRIBUTION, ETC. (IMPRINT)
Place of publication, distribution, etc Boston :
Name of publisher, distributor, etc Pearson Education Limited,
Date of publication, distribution, etc c.2014.
300 ## - PHYSICAL DESCRIPTION
Extent 407 p. :
Other physical details ill. (col.) ;
Dimensions 28 cm.
500 ## - GENERAL NOTE
General note Index : p .397-407.
500 ## - GENERAL NOTE
General note Glossary : p. 375-380.
504 ## - BIBLIOGRAPHY, ETC. NOTE
Bibliography, etc Bibliography : p. 381-395.
650 #7 - SUBJECT ADDED ENTRY--TOPICAL TERM
Topical term or geographic name as entry element International business enterprises
General subdivision Management.
Source of heading or term BUEsh
9 (RLIN) 4507
650 #7 - SUBJECT ADDED ENTRY--TOPICAL TERM
Topical term or geographic name as entry element International business enterprises
General subdivision Management
Form subdivision Case studies.
Source of heading or term BUEsh
9 (RLIN) 2700
651 ## - SUBJECT ADDED ENTRY--GEOGRAPHIC NAME
Source of heading or term BUEsh
653 ## - INDEX TERM--UNCONTROLLED
Resource For college BAEPS, Business Administration
Arrived date list January2014
-- February2015
-- December2017
942 ## - ADDED ENTRY ELEMENTS (KOHA)
Source of classification or shelving scheme Dewey Decimal Classification
Holdings
Withdrawn status Item status Source of classification or shelving scheme Materials specified (bound volume or other part) Damaged status Not for loan Vendor Home library Current library Shelving location Date acquired Source of acquisition Total Checkouts Total Renewals Full call number Barcode Date last seen Date last borrowed Koha item type Cost, normal purchase price Cost, replacement price
  Lost Dewey Decimal Classification Lost In Inventory_2005-2015/8/22     Baccah Central Library Central Library First floor 28/01/2014   1 7 658.049 DER 000035526 11/03/2014 11/03/2014 Book - Borrowing    
    Dewey Decimal Classification       Baccah Central Library Central Library First floor 18/02/2015 Purchase 7 18 658.049 DER 000037447 15/07/2025 18/02/2020 Book - Borrowing 260.00 325.00
    Dewey Decimal Classification       Baccah Central Library Central Library First floor 18/02/2015   11 37 658.049 DER 000037448 15/07/2025 26/02/2020 Book - Borrowing 260.00 325.00
    Dewey Decimal Classification       Baccah Central Library Central Library First floor 18/02/2015       658.049 DER 000037449 15/07/2025   Book - Borrowing 260.00 325.00